Social Quality and Working Poverty in the European Union and Slovakia in Particular
Zaoberanie sa chudobou pracujúcich, ako sociálno-ekonomickým stavom človeka, ktorý vedie k zníženej sociálnej kvalite každodenných, životných okolností.
Salvato in:
| Autore principale: | |
|---|---|
| Altri autori: | |
| Natura: | Capitolo di libro |
| Lingua: | inglese |
| Soggetti: | |
| Tags: |
Nessun Tag, puoi essere il primo ad aggiungerne!!
|
MARC
| LEADER | 00000naa a2200000 4500 | ||
|---|---|---|---|
| 001 | 0299784 | ||
| 005 | 20250129091253.6 | ||
| 041 | 0 | |a eng | |
| 044 | |a US | ||
| 245 | 1 | 0 | |a Social Quality and Working Poverty in the European Union and Slovakia in Particular |c Michaela Milena Schubertová, Mária Antalová |
| 520 | |a Zaoberanie sa chudobou pracujúcich, ako sociálno-ekonomickým stavom človeka, ktorý vedie k zníženej sociálnej kvalite každodenných, životných okolností. | ||
| 610 | 2 | 0 | |a komplexita |
| 610 | 2 | 0 | |a kvalita sociálna |
| 610 | 2 | 0 | |a spoločnosť |
| 610 | 2 | 0 | |a pracovníci |
| 610 | 2 | 0 | |a chudoba |
| 610 | 2 | 0 | |a chudobní |
| 610 | 2 | 0 | |a Európska únia |
| 610 | 2 | 0 | |a Slovensko |
| 100 | 1 | |a Schubertová, Michaela Milena, 1979- | |
| 700 | 1 | |a Antalová, Mária, 1952- | |